000 00595nam a2200217Ia 4500
003 OSt
005 20220926042852.0
006 a|||||r|||| 00| 0
007 ta
008 220923b |||||||| |||| 00| 0 eng d
037 _cGeneral Book
040 _aRTL
_cRTL
_beng
041 _2eng
_aeng
082 _aV251.M58<--M26, K3
100 _aBarpujari H K
245 0 _aAssam in the days of the Company, 1826-58
_b A criti
260 _c1963
650 _aHistory of Delhi
_9230102
942 _hV251.M58<--M26, K3
_cGB
_2CC
999 _c670758
_d670758